| 000 | 00666cam a22002411 4500 | ||
|---|---|---|---|
| 001 | sa 63004710 | ||
| 003 | DLC | ||
| 005 | 20260227111951.0 | ||
| 008 | 941017s1956 ii j b 000 0 pano | ||
| 010 | _asa 63004710 | ||
| 025 | _aPL480:I-Pu-263 | ||
| 035 | _a(OCoLC)31300669 | ||
| 040 |
_aDLC _cCU _dCU _dDLC |
||
| 042 | _apremarc | ||
| 050 | 0 | 0 |
_aJQ220.L3 _bA56 1956a |
| 110 | 1 |
_aIndia (Republic) _bOfficial Language Commission. |
|
| 245 | 1 | 0 | _aSarakārī Bhāshā-Kamishana dī rapoṭa. |
| 260 | _c[1956?] | ||
| 300 |
_a10, xiii, 562 p. _btables. _c24 cm. |
||
| 500 | _aIn Panjabi. | ||
| 504 | _aBibliographical footnotes. | ||
| 651 | 0 |
_aIndia _xLanguages. |
|
| 999 |
_c55820 _d55820 |
||